BUBT Library Online Catalog

Research Methods in Applied linguistics : (Record no. 4898)

000 -LEADER
fixed length control field 00617nam a2200229Ia 4500
003 - CONTROL NUMBER IDENTIFIER
control field BUBTL
008 - FIXED-LENGTH DATA ELEMENTS--GENERAL INFORMATION
fixed length control field 151213s9999 xx 000 0 und d
020 ## - INTERNATIONAL STANDARD BOOK NUMBER
International Standard Book Number 9780194422581
082 ## - DEWEY DECIMAL CLASSIFICATION NUMBER
Classification number 418/ D736r/ 2007
100 ## - MAIN ENTRY--PERSONAL NAME
Personal name Dornyei, Zoltan
9 (RLIN) 4764
245 ## - TITLE STATEMENT
Title Research Methods in Applied linguistics :
Statement of responsibility, etc. Zoltan Dornyei
250 ## - EDITION STATEMENT
Edition statement 1st Edn
260 ## - PUBLICATION, DISTRIBUTION, ETC. (IMPRINT)
Place of publication, distribution, etc. New York
Name of publisher, distributor, etc. Oxford
Date of publication, distribution, etc. c2007
300 ## - PHYSICAL DESCRIPTION
Extent 336p. :
Other physical details 23 cm
500 ## - GENERAL NOTE
General note Includes Index
650 ## - SUBJECT ADDED ENTRY--TOPICAL TERM
Topical term or geographic name as entry element English Language
650 ## - SUBJECT ADDED ENTRY--TOPICAL TERM
Topical term or geographic name as entry element
700 ## - ADDED ENTRY--PERSONAL NAME
Personal name Zoltan Dornyei
9 (RLIN) 4765
856 ## - ELECTRONIC LOCATION AND ACCESS
Password 0
Logon 0
Link text Download
942 ## - ADDED ENTRY ELEMENTS (KOHA)
Source of classification or shelving scheme
Koha item type Books
Holdings
Withdrawn status Lost status Source of classification or shelving scheme Damaged status Not for loan Collection code Permanent location Current location Shelving location Date acquired Source of acquisition Inventory number Total Checkouts Full call number Barcode Date last seen Copy number Price effective from Koha item type
        Not For Loan Non-fiction Bangladesh University of Business and Technology Library Bangladesh University of Business and Technology Library English Literature Stacks 07/28/2011 Purchase 10773   418/ D736r/ 2007 BUBTL-200310773 10/06/2022 C-1 10/06/2022 Books
        Not For Loan Non-fiction Bangladesh University of Business and Technology Library Bangladesh University of Business and Technology Library English Literature Stacks 03/12/2012 Purchase 13342   418/ D736r/ 2007 BUBTL-200313342 10/06/2022 C-2 10/06/2022 Books

More Information About Library

Library Hours

  • Open: 9.00 am. to 9.00 pm.
  • Only Sunday: 9.00 am. to 6.00 pm.
  • Closed: Holiday

Contact to the University

Bangladesh University of Business and Technology Library

  • Mirpurl-2, 1216.
  • Phone:
  • Fax:
  • E-Mail: admin.library@bubt.edu.bd

Contact to the Library

Contact Person:

Md. Abdul Hakim Shah
Joint Librarian
PABX No:  113
Cell No: 01816332931
E-mail: official: admin.library@bubt.edu.bd
Personal: hakim.shah@bubt.edu.bd


BUBT Library

Copyright © 2021